000 00434nam a2200181Ia 4500
001 11676
005 20260306162845.0
008 260306t1986||||xx |||||||||||||| ||spa||
041 _aESP
082 _a987
_bB95
100 _aBusaniche, José Luis
_eAUT
245 0 _aBolívar visto por sus contemporáneos
260 _c1986
300 _a338 páginas :
_c21cm.
650 _aGEN
654 _aCHU
942 _cLIB
_dJUS
_fJUS
_2ddc
_n
999 _c11676
_d11676